000 00639nam a22002291c 4500
001 021260540
003 RU-10907106
005 20210630115639.0
008 190531s1987 gw |||| 000u ger d
020 _a3525332246
_93-525-33224-6
040 _cRU-10907106
_aRU-10907106
_bger
041 _ager
100 1 _aGrundmann, Herbert
245 0 0 _aGeschichtsschreibung im Mittelalter :
_bGattungen - Epochen - Eigenart /
_cHerbert Grundmann
250 _a4. Aufl.
264 _c1987
300 _a91 Seiten
490 0 _aKleine Vandenhoeck-Reihe
_v1209
648 _aMittelalter
650 0 _aGeschichtsschreibung
942 _cMG
_2z
999 _c53797
_d53797